Statystyki dla Lewostronne dopływy Odry

Kliknij tutaj aby rozwiązać quiz!

Ogólne statystyki

  • Ten quiz został rozwiązany 54 razy
  • Średni wynik to 3 z 5

Statystyki odpowiedzi

Lewostronne dopływy Odry% Poprawnych
Nysa Kłodzka
97%
Nysa Łużycka
97%
Kaczawa
62%
Bystrzyca
51%
Bóbr z Kwisą
11%

Rozkład punktacji

Percentyl według liczby udzielonych odpowiedzi

Procent ludzi z każdym wynikiem

Twoja historia wyników

Nie rozwiązałeś tego quizu